[Event "High League 2022 women"]
[Site "Obninsk"]
[Date "2022.07.03"]
[Round "7.9"]
[White "Gritsayeva, Oksana"]
[Black "Potapova, Margarita"]
[Result "1/2-1/2"]
[LiveChessVersion "1.4.7"]
[BlackElo "2216"]
[WhiteElo "2309"]

1. e4 {[%clk 1:30:58]} c6 {[%clk 1:30:54]} 2. Nf3 {[%clk 1:29:40]} d5
{[%clk 1:31:10]} 3. Nc3 {[%clk 1:30:04]} dxe4 {[%clk 1:31:32]} 4. Nxe4
{[%clk 1:30:29]} Nf6 {[%clk 1:31:57]} 5. Nxf6+ {[%clk 1:28:17]} exf6
{[%clk 1:32:22]} 6. Bc4 {[%clk 1:27:55]} Bd6 {[%clk 1:32:45]} 7. Qe2+
{[%clk 1:27:42]} Be7 {[%clk 1:32:17]} 8. O-O {[%clk 1:23:40]} O-O
{[%clk 1:32:42]} 9. d3 {[%clk 1:23:18]} Re8 {[%clk 1:22:49]} 10. Re1
{[%clk 1:22:51]} Nd7 {[%clk 1:18:24]} 11. Bd2 {[%clk 1:10:01]} a5
{[%clk 1:13:26]} 12. a4 {[%clk 1:05:03]} Nf8 {[%clk 1:11:55]} 13. Qe4
{[%clk 0:59:08]} Be6 {[%clk 1:08:32]} 14. Qd4 {[%clk 0:49:09]} Bxc4
{[%clk 1:00:26]} 15. Qxd8 {[%clk 0:47:13]} Raxd8 {[%clk 1:00:29]} 16. dxc4
{[%clk 0:47:38]} b6 {[%clk 0:58:13]} 17. Be3 {[%clk 0:46:44]} c5 {[%clk 0:56:54]}
18. Red1 {[%clk 0:44:54]} Ne6 {[%clk 0:56:08]} 19. Rd5 {[%clk 0:44:32]} Nc7
{[%clk 0:55:51]} 20. Rxd8 {[%clk 0:39:02]} Rxd8 {[%clk 0:55:37]} 21. g4
{[%clk 0:33:38]} g6 {[%clk 0:52:12]} 22. Kf1 {[%clk 0:32:53]} Ne6
{[%clk 0:50:35]} 23. Ke2 {[%clk 0:32:05]} Kf8 {[%clk 0:48:58]} 24. Rd1
{[%clk 0:27:42]} Rxd1 {[%clk 0:48:31]} 1/2-1/2

[Event "High League 2022 women"]
[Site "Obninsk"]
[Date "2022.07.03"]
[Round "7.10"]
[White "Semenova, Elena"]
[Black "Kleymenova, Valeria"]
[Result "1/2-1/2"]
[LiveChessVersion "1.4.7"]
[BlackElo "2177"]
[WhiteElo "2296"]

1. e4 {[%clk 1:30:54]} c5 {[%clk 1:30:52]} 2. Nf3 {[%clk 1:31:11]} d6
{[%clk 1:31:11]} 3. Bb5+ {[%clk 1:31:35]} Bd7 {[%clk 1:31:24]} 4. Bxd7+
{[%clk 1:31:56]} Qxd7 {[%clk 1:31:44]} 5. c4 {[%clk 1:32:05]} Nf6
{[%clk 1:32:03]} 6. Nc3 {[%clk 1:32:19]} g6 {[%clk 1:32:25]} 7. d4
{[%clk 1:31:39]} cxd4 {[%clk 1:32:47]} 8. Nxd4 {[%clk 1:32:03]} Bg7
{[%clk 1:33:09]} 9. f3 {[%clk 1:32:11]} O-O {[%clk 1:32:58]} 10. Be3
{[%clk 1:32:31]} e6 {[%clk 1:32:45]} 11. Rc1 {[%clk 1:28:15]} Nc6
{[%clk 1:32:48]} 12. O-O {[%clk 1:26:50]} Rfd8 {[%clk 1:32:27]} 13. Qd2
{[%clk 1:15:34]} a6 {[%clk 1:24:49]} 14. a4 {[%clk 1:02:06]} Ne5 {[%clk 1:05:41]}
15. b3 {[%clk 1:00:45]} d5 {[%clk 1:02:00]} 16. exd5 {[%clk 0:55:43]} exd5
{[%clk 1:02:17]} 17. c5 {[%clk 0:52:12]} Ne8 {[%clk 0:56:05]} 18. a5
{[%clk 0:45:54]} Nc7 {[%clk 0:54:36]} 19. Bf4 {[%clk 0:36:13]} Ne6
{[%clk 0:52:31]} 20. Nxe6 {[%clk 0:33:30]} Qxe6 {[%clk 0:48:37]} 21. Na4
{[%clk 0:22:40]} Rac8 {[%clk 0:43:37]} 22. Nb6 {[%clk 0:20:54]} Rc6
{[%clk 0:43:38]} 23. Rfd1 {[%clk 0:13:55]} d4 {[%clk 0:41:32]} 24. b4
{[%clk 0:12:08]} Qf5 {[%clk 0:36:09]} 25. Bg5 {[%clk 0:09:49]} Re8
{[%clk 0:30:53]} 26. Qf4 {[%clk 0:08:20]} Qe6 {[%clk 0:23:52]} 27. Qe4
{[%clk 0:03:25]} f5 {[%clk 0:21:36]} 28. Qe2 {[%clk 0:01:40]} Qf7
{[%clk 0:19:34]} 29. Qc2 {[%clk 0:00:57]} Rce6 {[%clk 0:18:23]} 30. Qd2
{[%clk 0:00:41]} Nc6 {[%clk 0:17:21]} 31. Re1 {[%clk 0:00:47]} Re5
{[%clk 0:09:27]} 32. Bf4 {[%clk 0:00:37]} Rxe1+ {[%clk 0:08:46]} 33. Rxe1
{[%clk 0:01:06]} Rxe1+ {[%clk 0:08:02]} 34. Qxe1 {[%clk 0:01:35]} d3
{[%clk 0:07:27]} 35. Nc8 {[%clk 0:01:13]} Qf6 {[%clk 0:03:29]} 36. Bd2
{[%clk 0:01:00]} Qd4+ {[%clk 0:00:42]} 37. Kf1 {[%clk 0:01:26]} Qe5
{[%clk 0:00:32]} 38. Nd6 {[%clk 0:01:31]} Nd8 {[%clk 0:00:35]} 39. Qxe5
{[%clk 0:00:44]} Bxe5 {[%clk 0:01:04]} 40. Bg5 {[%clk 0:30:32]} Nc6
{[%clk 0:30:39]} 41. Bd2 {[%clk 0:19:26]} Bxd6 {[%clk 0:25:32]} 42. cxd6
{[%clk 0:19:54]} Kf7 {[%clk 0:25:24]} 43. Be3 {[%clk 0:06:55]} Ke6
{[%clk 0:21:58]} 44. Bc5 {[%clk 0:07:03]} Ne5 {[%clk 0:20:39]} 45. Ke1
{[%clk 0:07:22]} Nc4 {[%clk 0:20:11]} 46. Kd1 {[%clk 0:05:25]} f4
{[%clk 0:18:05]} 47. h3 {[%clk 0:03:09]} g5 {[%clk 0:16:55]} 48. Ke1
{[%clk 0:03:34]} Ne3 {[%clk 0:07:18]} 49. Kd2 {[%clk 0:03:59]} Nxg2
{[%clk 0:07:32]} 50. Kxd3 {[%clk 0:04:24]} Nh4 {[%clk 0:07:27]} 51. Ke4
{[%clk 0:03:59]} Nf5 {[%clk 0:05:39]} 52. d7 {[%clk 0:03:03]} Ng3+
{[%clk 0:05:53]} 1/2-1/2

[Event "High League 2022 women"]
[Site "Obninsk"]
[Date "2022.07.03"]
[Round "7.11"]
[White "Shvedova, Alexandra"]
[Black "Paramzina, Anastasya"]
[Result "1-0"]
[LiveChessVersion "1.4.7"]
[BlackElo "2256"]
[WhiteElo "2106"]

1. e4 {[%clk 1:30:58]} c5 {[%clk 1:25:16]} 2. Nf3 {[%clk 1:31:22]} d6
{[%clk 1:25:37]} 3. d4 {[%clk 1:31:46]} cxd4 {[%clk 1:26:02]} 4. Nxd4
{[%clk 1:32:11]} Nf6 {[%clk 1:26:29]} 5. f3 {[%clk 1:32:30]} e5 {[%clk 1:08:15]}
6. Nb3 {[%clk 1:32:45]} d5 {[%clk 1:08:39]} 7. Bg5 {[%clk 1:32:50]} dxe4
{[%clk 1:00:14]} 8. Qxd8+ {[%clk 1:33:05]} Kxd8 {[%clk 1:00:40]} 9. Nc3
{[%clk 1:33:18]} Be6 {[%clk 0:59:42]} 10. Nxe4 {[%clk 1:26:37]} Be7
{[%clk 0:57:34]} 11. O-O-O+ {[%clk 1:19:05]} Kc7 {[%clk 0:48:21]} 12. Nec5
{[%clk 1:08:38]} Bxb3 {[%clk 0:20:27]} 13. Nxb3 {[%clk 1:09:00]} Nd5
{[%clk 0:20:08]} 14. Bxe7 {[%clk 1:05:00]} Nxe7 {[%clk 0:20:35]} 15. Bc4
{[%clk 1:05:19]} Rf8 {[%clk 0:21:03]} 16. Rhe1 {[%clk 1:02:01]} Nec6
{[%clk 0:21:16]} 17. Nc5 {[%clk 0:59:10]} b6 {[%clk 0:16:52]} 18. Ne4
{[%clk 0:59:09]} f6 {[%clk 0:17:18]} 19. Nd6 {[%clk 0:50:24]} g6 {[%clk 0:15:40]}
20. c3 {[%clk 0:44:05]} a6 {[%clk 0:15:55]} 21. a4 {[%clk 0:41:03]} Na5
{[%clk 0:10:08]} 22. Be6 {[%clk 0:34:10]} Ra7 {[%clk 0:08:27]} 23. h4
{[%clk 0:28:48]} Nb7 {[%clk 0:07:16]} 24. Ne4 {[%clk 0:22:44]} Nd8
{[%clk 0:07:36]} 25. Bh3 {[%clk 0:18:21]} Nbc6 {[%clk 0:05:07]} 26. Rd7+
{[%clk 0:16:06]} Kb8 {[%clk 0:05:34]} 27. Rd6 {[%clk 0:16:23]} f5
{[%clk 0:05:22]} 28. Nf6 {[%clk 0:16:10]} Raf7 {[%clk 0:05:09]} 29. Nd5
{[%clk 0:15:42]} Ka7 {[%clk 0:05:26]} 30. b4 {[%clk 0:13:31]} Re8
{[%clk 0:05:42]} 31. b5 {[%clk 0:13:11]} axb5 {[%clk 0:06:09]} 32. axb5
{[%clk 0:13:38]} Nb8 {[%clk 0:05:49]} 33. Kb2 {[%clk 0:12:48]} Nd7
{[%clk 0:06:17]} 34. Nb4 {[%clk 0:12:24]} Kb7 {[%clk 0:05:16]} 35. Red1
{[%clk 0:10:04]} Kc7 {[%clk 0:04:39]} 36. Na6+ {[%clk 0:06:09]} Kc8
{[%clk 0:05:06]} 37. g3 {[%clk 0:06:27]} Re6 {[%clk 0:03:03]} 38. R6d2
{[%clk 0:06:33]} Nb7 {[%clk 0:03:24]} 39. Bf1 {[%clk 0:03:36]} Na5
{[%clk 0:03:52]} 40. Kc2 {[%clk 0:33:05]} e4 {[%clk 0:31:50]} 41. fxe4
{[%clk 0:30:23]} fxe4 {[%clk 0:27:39]} 42. Bh3 {[%clk 0:28:15]} Ree7
{[%clk 0:27:14]} 43. Rd6 {[%clk 0:26:59]} e3 {[%clk 0:09:14]} 44. Rxb6
{[%clk 0:23:48]} Rf5 {[%clk 0:09:41]} 45. Bxf5 {[%clk 0:23:05]} gxf5
{[%clk 0:10:08]} 46. Rbd6 {[%clk 0:16:35]} Ne5 {[%clk 0:09:06]} 47. Rd8+
{[%clk 0:13:14]} Kb7 {[%clk 0:09:32]} 48. Nc5+ {[%clk 0:13:39]} Kc7
{[%clk 0:06:27]} 49. b6+ {[%clk 0:13:08]} Kxb6 {[%clk 0:03:59]} 50. Nd7+
{[%clk 0:13:15]} Nxd7 {[%clk 0:04:18]} 51. R8xd7 {[%clk 0:13:16]} Re4
{[%clk 0:04:21]} 52. R7d4 {[%clk 0:09:01]} Re7 {[%clk 0:04:36]} 53. Re1
{[%clk 0:08:31]} e2 {[%clk 0:03:33]} 54. Rd2 {[%clk 0:07:10]} Re3
{[%clk 0:03:43]} 55. Rexe2 {[%clk 0:07:05]} Rxg3 {[%clk 0:04:07]} 56. Re6+
{[%clk 0:07:20]} Kc7 {[%clk 0:04:00]} 57. Re5 {[%clk 0:04:37]} Nb7
{[%clk 0:04:07]} 58. Rxf5 {[%clk 0:04:51]} Nd6 {[%clk 0:04:31]} 59. Rc5+
{[%clk 0:04:47]} Kd7 {[%clk 0:04:16]} 60. Rh5 {[%clk 0:04:39]} 1-0

[Event "High League 2022 women"]
[Site "Obninsk"]
[Date "2022.07.03"]
[Round "7.12"]
[White "Borisova, Ekaterina"]
[Black "Kirchei, Viktoriia"]
[Result "1-0"]
[LiveChessVersion "1.4.7"]
[BlackElo "2159"]
[WhiteElo "2233"]

1. Nf3 {[%clk 1:30:58]} d5 {[%clk 1:30:43]} 2. g3 {[%clk 1:31:24]} c6
{[%clk 1:30:47]} 3. Bg2 {[%clk 1:31:49]} Nf6 {[%clk 1:31:03]} 4. O-O
{[%clk 1:32:12]} Bg4 {[%clk 1:31:11]} 5. h3 {[%clk 1:32:38]} Bh5 {[%clk 1:31:26]}
6. d3 {[%clk 1:32:51]} e6 {[%clk 1:25:13]} 7. c4 {[%clk 1:33:01]} Bd6
{[%clk 1:24:11]} 8. Nc3 {[%clk 1:30:32]} O-O {[%clk 1:21:12]} 9. cxd5
{[%clk 1:30:31]} cxd5 {[%clk 1:07:12]} 10. e4 {[%clk 1:30:33]} dxe4
{[%clk 1:04:01]} 11. dxe4 {[%clk 1:30:50]} Nc6 {[%clk 1:01:57]} 12. g4
{[%clk 1:17:19]} Bg6 {[%clk 0:58:21]} 13. Qe2 {[%clk 1:17:16]} Bb4
{[%clk 0:45:15]} 14. Rd1 {[%clk 1:13:28]} Qe7 {[%clk 0:39:23]} 15. Bf4
{[%clk 1:03:02]} e5 {[%clk 0:37:29]} 16. g5 {[%clk 0:59:21]} Nxe4
{[%clk 0:32:03]} 17. Nd5 {[%clk 0:58:42]} Qc5 {[%clk 0:30:01]} 18. Be3
{[%clk 0:46:41]} Nd4 {[%clk 0:23:19]} 19. Nxd4 {[%clk 0:40:35]} Qxd5
{[%clk 0:23:36]} 20. Nb5 {[%clk 0:39:49]} Qc6 {[%clk 0:23:08]} 21. Rac1
{[%clk 0:30:01]} Qa6 {[%clk 0:23:22]} 22. Qc4 {[%clk 0:29:50]} Be7
{[%clk 0:17:07]} 23. Nc7 {[%clk 0:25:38]} Qxc4 {[%clk 0:17:25]} 24. Rxc4
{[%clk 0:26:04]} Rac8 {[%clk 0:17:05]} 25. h4 {[%clk 0:16:31]} Rfd8
{[%clk 0:13:28]} 26. Nd5 {[%clk 0:15:13]} Kf8 {[%clk 0:09:39]} 27. Rxe4
{[%clk 0:12:31]} Bxe4 {[%clk 0:09:59]} 28. Bxe4 {[%clk 8:02:57]} Bc5
{[%clk 0:09:29]} 29. Kg2 {[%clk 0:09:13]} Bxe3 {[%clk 0:09:15]} 30. Nxe3
{[%clk 0:09:37]} Rxd1 {[%clk 0:08:48]} 31. Nxd1 {[%clk 0:10:03]} Rc4
{[%clk 0:08:50]} 32. Kf3 {[%clk 0:08:46]} b5 {[%clk 0:08:12]} 33. Ne3
{[%clk 0:07:29]} Ra4 {[%clk 0:07:05]} 34. a3 {[%clk 0:07:55]} b4 {[%clk 0:06:00]}
35. Bc2 {[%clk 0:07:47]} Ra5 {[%clk 0:05:09]} 36. a4 {[%clk 0:07:54]} Rc5
{[%clk 0:05:29]} 37. Bd3 {[%clk 0:06:15]} h6 {[%clk 0:04:34]} 38. gxh6
{[%clk 0:04:48]} gxh6 {[%clk 0:05:01]} 39. Ke4 {[%clk 0:04:49]} Ke7
{[%clk 0:03:11]} 40. b3 {[%clk 0:32:19]} h5 {[%clk 0:31:16]} 41. Be2
{[%clk 0:31:05]} Ke6 {[%clk 0:30:13]} 42. Bxh5 {[%clk 0:28:15]} Rc1
{[%clk 0:30:12]} 43. Bg4+ {[%clk 0:25:42]} Kf6 {[%clk 0:30:23]} 44. Nd5+
{[%clk 0:25:00]} Kg6 {[%clk 0:30:24]} 45. Kxe5 {[%clk 0:25:04]} Re1+
{[%clk 0:30:39]} 46. Ne3 {[%clk 0:24:37]} f6+ {[%clk 0:30:20]} 47. Kd4
{[%clk 0:24:43]} Rc1 {[%clk 0:30:35]} 48. Be2 {[%clk 0:23:37]} Rc3
{[%clk 0:30:39]} 49. Bc4 {[%clk 0:23:56]} a5 {[%clk 0:30:44]} 50. Kc5
{[%clk 0:23:35]} f5 {[%clk 0:30:54]} 51. h5+ {[%clk 0:23:49]} Kxh5
{[%clk 0:30:25]} 52. Nxf5 {[%clk 0:24:12]} Kg4 {[%clk 0:30:17]} 53. Nd4
{[%clk 0:24:22]} Rc1 {[%clk 0:29:33]} 54. Nc6 {[%clk 0:24:26]} 1-0

[Event "High League 2022 women"]
[Site "Obninsk"]
[Date "2022.07.03"]
[Round "7.13"]
[White "Fominykh, Maria"]
[Black "Satanovskaia, Evgeniia"]
[Result "1-0"]
[LiveChessVersion "1.4.7"]
[BlackElo "1837"]
[WhiteElo "2219"]

1. d4 {[%clk 1:30:06]} Nf6 {[%clk 1:30:53]} 2. c4 {[%clk 1:30:24]} e6
{[%clk 1:31:18]} 3. Nc3 {[%clk 1:30:46]} d5 {[%clk 1:31:18]} 4. cxd5
{[%clk 1:31:11]} exd5 {[%clk 1:31:44]} 5. Bg5 {[%clk 1:31:36]} Be7
{[%clk 1:31:21]} 6. e3 {[%clk 1:32:00]} c6 {[%clk 1:30:21]} 7. Bd3
{[%clk 1:32:23]} Nbd7 {[%clk 1:29:38]} 8. Qc2 {[%clk 1:32:37]} Nh5
{[%clk 1:27:11]} 9. h4 {[%clk 1:31:38]} h6 {[%clk 1:16:30]} 10. Bxe7
{[%clk 1:29:27]} Qxe7 {[%clk 1:15:52]} 11. O-O-O {[%clk 1:29:01]} Nb6
{[%clk 1:15:00]} 12. Nge2 {[%clk 1:24:07]} Be6 {[%clk 1:08:34]} 13. Rde1
{[%clk 1:18:32]} O-O-O {[%clk 1:00:34]} 14. Kb1 {[%clk 1:16:19]} g5
{[%clk 0:57:49]} 15. hxg5 {[%clk 1:11:55]} hxg5 {[%clk 0:54:54]} 16. Nc1
{[%clk 0:55:19]} Ng7 {[%clk 0:47:07]} 17. Nb3 {[%clk 0:54:16]} f5
{[%clk 0:44:53]} 18. Nc5 {[%clk 0:52:18]} Nd7 {[%clk 0:35:35]} 19. N3a4
{[%clk 0:35:01]} Nxc5 {[%clk 0:32:54]} 20. Nxc5 {[%clk 0:31:57]} Kb8
{[%clk 0:32:11]} 21. a3 {[%clk 0:13:52]} Bc8 {[%clk 0:28:50]} 22. Ka2
{[%clk 0:10:17]} Qf6 {[%clk 0:25:40]} 23. Qd1 {[%clk 0:09:16]} Ne6
{[%clk 0:25:14]} 24. Nxe6 {[%clk 0:05:48]} Bxe6 {[%clk 0:23:46]} 25. Qf3
{[%clk 0:05:29]} Rxh1 {[%clk 0:20:52]} 26. Rxh1 {[%clk 0:05:59]} c5
{[%clk 0:19:33]} 27. dxc5 {[%clk 0:04:59]} d4+ {[%clk 0:19:28]} 28. Ka1
{[%clk 0:05:10]} dxe3 {[%clk 0:18:37]} 29. Qxe3 {[%clk 0:05:00]} f4
{[%clk 0:18:01]} 30. Qe2 {[%clk 0:05:00]} Bd5 {[%clk 0:17:07]} 31. f3
{[%clk 0:05:04]} Qd4 {[%clk 0:14:08]} 32. Bb1 {[%clk 0:02:42]} Bc6
{[%clk 0:12:32]} 33. Qe7 {[%clk 0:02:17]} Rd5 {[%clk 0:09:25]} 34. Rh7
{[%clk 0:02:19]} Rd7 {[%clk 0:02:48]} 35. Qxg5 {[%clk 0:02:34]} Rxh7
{[%clk 0:01:17]} 36. Qg8+ {[%clk 0:02:43]} Kc7 {[%clk 0:01:04]} 37. Qxh7+
{[%clk 0:03:10]} Kb8 {[%clk 0:00:35]} 38. Qg8+ {[%clk 0:03:08]} Kc7
{[%clk 0:01:00]} 39. Qf7+ {[%clk 0:03:16]} Kd8 {[%clk 0:00:51]} 40. Qf8+
{[%clk 0:33:03]} Kc7 {[%clk 0:30:33]} 41. Qe7+ {[%clk 0:29:23]} Bd7
{[%clk 0:25:34]} 42. Be4 {[%clk 0:22:27]} a5 {[%clk 0:19:54]} 43. Qd6+
{[%clk 0:06:26]} Qxd6 {[%clk 0:20:01]} 44. cxd6+ {[%clk 0:06:55]} Kxd6
{[%clk 0:13:13]} 45. Bxb7 {[%clk 0:07:24]} Kc5 {[%clk 0:13:03]} 46. b3
{[%clk 0:06:40]} Kd4 {[%clk 0:08:08]} 47. Kb2 {[%clk 0:07:09]} Bb5
{[%clk 0:05:26]} 48. Bc8 {[%clk 0:06:30]} Kd3 {[%clk 0:03:51]} 49. a4
{[%clk 0:05:49]} Bc6 {[%clk 0:04:07]} 50. b4 {[%clk 0:05:57]} axb4 51. Kb3 Ke2
{[%clk 0:01:33]} 52. a5 {[%clk 0:05:50]} 1-0

[Event "High League 2022 women"]
[Site "Obninsk"]
[Date "2022.07.03"]
[Round "7.14"]
[White "Ivanova, Anastasia S."]
[Black "Grigorieva, Yulia"]
[Result "1/2-1/2"]
[LiveChessVersion "1.4.7"]
[BlackElo "2218"]
[WhiteElo "1922"]

1. d4 {[%clk 1:30:59]} Nf6 {[%clk 1:18:33]} 2. c4 {[%clk 1:31:24]} e6
{[%clk 1:18:50]} 3. Nc3 {[%clk 1:31:50]} Bb4 {[%clk 1:18:58]} 4. Qc2
{[%clk 1:32:17]} O-O {[%clk 1:19:16]} 5. a3 {[%clk 1:32:37]} Bxc3+
{[%clk 1:19:26]} 6. Qxc3 {[%clk 1:33:04]} b6 {[%clk 1:19:39]} 7. Bg5
{[%clk 1:32:58]} h6 {[%clk 1:17:26]} 8. Bh4 {[%clk 1:33:04]} Bb7 {[%clk 1:16:25]}
9. f3 {[%clk 1:33:11]} d6 {[%clk 1:15:39]} 10. e3 {[%clk 1:32:39]} Nbd7
{[%clk 1:10:36]} 11. Bd3 {[%clk 1:31:51]} e5 {[%clk 1:03:16]} 12. e4
{[%clk 1:23:46]} Re8 {[%clk 0:48:06]} 13. Ne2 {[%clk 1:16:22]} Nxe4
{[%clk 0:31:46]} 14. Bxd8 {[%clk 1:12:51]} Nxc3 {[%clk 0:31:53]} 15. Bxc7
{[%clk 1:11:08]} Nxe2 {[%clk 0:30:24]} 16. Kxe2 {[%clk 1:10:09]} exd4+
{[%clk 0:24:47]} 17. Kd2 {[%clk 1:08:11]} Nc5 {[%clk 0:21:00]} 18. Rae1
{[%clk 1:04:37]} d5 {[%clk 0:19:10]} 19. cxd5 {[%clk 0:58:58]} Bxd5
{[%clk 0:19:17]} 20. Bc2 {[%clk 0:55:01]} Rec8 {[%clk 0:15:24]} 21. Be5
{[%clk 0:52:10]} Rd8 {[%clk 0:15:29]} 22. b4 {[%clk 0:46:05]} Ne6
{[%clk 0:13:57]} 23. Bf5 {[%clk 0:43:56]} b5 {[%clk 0:11:24]} 24. Bxe6
{[%clk 0:39:47]} Bxe6 {[%clk 0:11:28]} 25. Re4 {[%clk 0:38:02]} Rd5
{[%clk 0:07:05]} 26. Rhe1 {[%clk 0:27:52]} a5 {[%clk 0:05:09]} 27. Rxd4
{[%clk 0:25:40]} Rxd4+ {[%clk 0:05:00]} 28. Bxd4 {[%clk 0:26:07]} axb4
{[%clk 0:05:24]} 29. axb4 {[%clk 0:25:53]} Ra2+ {[%clk 0:05:38]} 30. Kc3
{[%clk 0:23:52]} Rxg2 {[%clk 0:04:55]} 31. Rg1 {[%clk 0:23:55]} Rxg1
{[%clk 0:02:01]} 32. Bxg1 {[%clk 0:24:20]} g5 {[%clk 0:01:49]} 33. Kd4
{[%clk 0:24:02]} Kg7 {[%clk 0:01:46]} 34. Ke3 {[%clk 0:23:51]} Kg6
{[%clk 0:01:36]} 35. Kf2 {[%clk 0:23:11]} h5 {[%clk 0:01:00]} 36. Ke2
{[%clk 0:21:25]} Kf5 {[%clk 0:00:59]} 37. Bc5 {[%clk 0:21:22]} g4
{[%clk 0:00:36]} 38. fxg4+ {[%clk 0:21:36]} hxg4 {[%clk 0:01:01]} 39. Kf2
{[%clk 0:21:55]} Ke5 {[%clk 0:00:50]} 40. Bf8 {[%clk 0:51:42]} f5
{[%clk 0:30:52]} 41. Bc5 {[%clk 0:52:07]} f4 {[%clk 0:28:10]} 42. Bf8
{[%clk 0:52:27]} Kf6 {[%clk 0:28:24]} 43. Bc5 {[%clk 0:52:47]} Kg5
{[%clk 0:28:46]} 44. Be7+ {[%clk 0:52:50]} Kh5 {[%clk 0:29:10]} 45. Bd6
{[%clk 0:53:15]} Kg5 {[%clk 0:29:01]} 46. Be7+ {[%clk 0:53:35]} 1/2-1/2

[Event "High League 2022 women"]
[Site "Obninsk"]
[Date "2022.07.03"]
[Round "7.15"]
[White "Getman, Tatyana"]
[Black "Afonasieva, Anna"]
[Result "0-1"]
[LiveChessVersion "1.4.7"]
[BlackElo "2232"]
[WhiteElo "2148"]

1. d4 {[%clk 1:30:57]} d5 {[%clk 1:30:55]} 2. c4 {[%clk 1:31:22]} c6
{[%clk 1:31:22]} 3. Nf3 {[%clk 1:31:42]} Nf6 {[%clk 1:31:45]} 4. e3
{[%clk 1:32:05]} Bf5 {[%clk 1:27:20]} 5. Nc3 {[%clk 1:32:26]} e6 {[%clk 1:27:43]}
6. Nh4 {[%clk 1:32:51]} Bg4 {[%clk 1:27:02]} 7. Qb3 {[%clk 1:32:25]} Qb6
{[%clk 1:27:15]} 8. h3 {[%clk 1:32:33]} Bh5 {[%clk 1:27:13]} 9. g4
{[%clk 1:32:56]} Bg6 {[%clk 1:27:18]} 10. Nxg6 {[%clk 1:33:17]} hxg6
{[%clk 1:27:44]} 11. Bg2 {[%clk 1:33:37]} Be7 {[%clk 1:24:51]} 12. g5
{[%clk 1:26:21]} Nfd7 {[%clk 1:22:57]} 13. h4 {[%clk 1:25:41]} dxc4
{[%clk 1:13:53]} 14. Qxc4 {[%clk 1:25:53]} Na6 {[%clk 1:05:56]} 15. a3
{[%clk 1:19:39]} Nc7 {[%clk 1:02:51]} 16. e4 {[%clk 1:04:21]} e5 {[%clk 0:59:34]}
17. d5 {[%clk 0:54:15]} Bc5 {[%clk 0:54:51]} 18. dxc6 {[%clk 0:44:45]} Qxc6
{[%clk 0:46:54]} 19. Qe2 {[%clk 0:44:01]} Ne6 {[%clk 0:41:38]} 20. Be3
{[%clk 0:44:00]} Bxe3 {[%clk 0:39:34]} 21. fxe3 {[%clk 0:44:01]} Rc8
{[%clk 0:30:39]} 22. Kf2 {[%clk 0:40:35]} Qc4 {[%clk 0:28:25]} 23. Qg4
{[%clk 0:34:20]} Nb6 {[%clk 0:13:19]} 24. Bf1 {[%clk 0:25:07]} Qb3
{[%clk 0:11:48]} 25. Bb5+ {[%clk 0:25:13]} Ke7 {[%clk 0:11:46]} 26. Rab1
{[%clk 0:23:22]} Rhd8 {[%clk 0:09:57]} 27. Be2 {[%clk 0:16:54]} Rd2
{[%clk 0:08:23]} 28. h5 {[%clk 0:15:14]} gxh5 {[%clk 0:04:13]} 29. Qxh5
{[%clk 0:09:48]} Rcd8 {[%clk 0:03:07]} 30. Rhd1 {[%clk 0:05:45]} Rxd1
{[%clk 0:01:34]} 31. Rxd1 {[%clk 0:06:12]} Rxd1 {[%clk 0:01:38]} 32. Nxd1
{[%clk 0:06:39]} Nc5 {[%clk 0:01:33]} 33. Qh4 {[%clk 0:05:34]} g6
{[%clk 0:01:00]} 34. Kf3 {[%clk 0:05:30]} Nc4 {[%clk 0:01:00]} 35. Bxc4
{[%clk 0:02:19]} Qxd1+ {[%clk 0:01:20]} 36. Be2 {[%clk 0:02:41]} Qb1
{[%clk 0:01:31]} 37. b4 {[%clk 0:03:07]} Nxe4 {[%clk 0:01:49]} 38. b5
{[%clk 0:01:31]} Nd6 {[%clk 0:01:56]} 39. a4 {[%clk 0:01:36]} b6 {[%clk 0:01:12]}
40. Kf2 {[%clk 0:30:33]} Qf5+ {[%clk 0:30:57]} 41. Ke1 {[%clk 0:29:02]} Qb1+
{[%clk 0:27:35]} 42. Kf2 {[%clk 0:26:42]} Qe4 {[%clk 0:27:36]} 43. Qh8
{[%clk 0:25:14]} Qf5+ {[%clk 0:27:15]} 44. Ke1 {[%clk 0:25:32]} Qxg5
{[%clk 0:26:58]} 45. Qb8 {[%clk 0:23:08]} Qh4+ {[%clk 0:26:15]} 0-1

[Event "High League 2022 women"]
[Site "Obninsk"]
[Date "2022.07.03"]
[Round "7.16"]
[White "Miroshnik, Ekaterina"]
[Black "Pogorelskikh, Sofia"]
[Result "1/2-1/2"]
[LiveChessVersion "1.4.7"]
[BlackElo "2138"]
[WhiteElo "2169"]

1. d4 {[%clk 1:30:58]} Nf6 {[%clk 1:30:39]} 2. Nf3 {[%clk 1:31:22]} d5
{[%clk 1:30:55]} 3. e3 {[%clk 1:28:23]} e6 {[%clk 1:29:47]} 4. Bd3
{[%clk 1:28:43]} b6 {[%clk 1:27:00]} 5. c4 {[%clk 1:25:48]} Bd6 {[%clk 1:21:46]}
6. O-O {[%clk 1:26:11]} O-O {[%clk 1:18:36]} 7. Nc3 {[%clk 1:25:27]} a6
{[%clk 1:16:54]} 8. b3 {[%clk 1:24:49]} Bb7 {[%clk 1:16:03]} 9. cxd5
{[%clk 1:24:34]} exd5 {[%clk 1:15:56]} 10. Bb2 {[%clk 1:24:59]} Nbd7
{[%clk 1:15:13]} 11. Ne2 {[%clk 1:25:21]} Re8 {[%clk 1:12:43]} 12. Nf4
{[%clk 1:17:39]} Ne4 {[%clk 1:08:39]} 13. Be2 {[%clk 1:13:46]} a5
{[%clk 0:47:26]} 14. Rc1 {[%clk 1:09:00]} c6 {[%clk 0:44:44]} 15. a4
{[%clk 1:02:45]} Rc8 {[%clk 0:41:54]} 16. Nd3 {[%clk 1:01:15]} Ba6
{[%clk 0:39:18]} 17. Nde5 {[%clk 0:49:41]} Bxe2 {[%clk 0:39:11]} 18. Qxe2
{[%clk 0:50:06]} Nxe5 {[%clk 0:36:39]} 19. Nxe5 {[%clk 0:32:53]} Bxe5
{[%clk 0:30:39]} 20. dxe5 {[%clk 0:32:31]} Qe7 {[%clk 0:27:59]} 21. f3
{[%clk 0:07:44]} Nc5 {[%clk 0:26:09]} 22. Qc2 {[%clk 0:07:08]} Nd7
{[%clk 0:20:54]} 23. f4 {[%clk 0:05:44]} f6 {[%clk 0:19:57]} 24. e4
{[%clk 0:04:53]} Qc5+ {[%clk 0:13:33]} 25. Qxc5 {[%clk 0:05:18]} bxc5
{[%clk 0:11:27]} 26. exd5 {[%clk 0:05:22]} cxd5 {[%clk 0:11:49]} 27. Rfd1
{[%clk 0:03:26]} d4 {[%clk 0:11:44]} 28. e6 {[%clk 0:03:15]} Nb6 {[%clk 0:09:16]}
29. Ba3 {[%clk 0:01:17]} Nd5 {[%clk 0:08:21]} 30. Rxc5 {[%clk 0:00:59]} Nxf4
{[%clk 0:05:02]} 31. e7 {[%clk 0:00:40]} Rxc5 {[%clk 0:04:32]} 32. Bxc5
{[%clk 0:01:08]} Ne6 {[%clk 0:04:35]} 33. Bxd4 {[%clk 0:00:45]} Nxd4
{[%clk 0:04:51]} 34. Rxd4 {[%clk 0:01:14]} Rxe7 {[%clk 0:05:14]} 35. Rd5
{[%clk 0:01:00]} Re3 {[%clk 0:05:29]} 36. Rb5 {[%clk 0:00:56]} Kf7
{[%clk 0:04:42]} 37. Kf2 {[%clk 0:01:20]} Re5 {[%clk 0:02:04]} 38. Rb6
{[%clk 0:01:22]} g5 {[%clk 0:01:29]} 39. Kf3 {[%clk 0:01:16]} h5 {[%clk 0:01:21]}
40. h3 {[%clk 0:30:42]} h4 {[%clk 0:31:10]} 41. Rb7+ {[%clk 0:26:33]} Kg6
{[%clk 0:27:42]} 42. Rb5 {[%clk 0:21:31]} Kf5 {[%clk 0:26:50]} 43. b4
{[%clk 0:17:10]} axb4 {[%clk 0:26:36]} 44. Rxb4 {[%clk 0:17:33]} Re1
{[%clk 0:26:41]} 45. Rb5+ {[%clk 0:15:32]} 1/2-1/2